000 00682nam a2200253Ia 4500
003 OSt
005 20221005124634.0
006 a|||||r|||| 00| 0
007 ta
008 221004b |||||||| |||| 00| 0 eng d
024 _a44350
037 _cTextual
040 _aCRL
_cCRL
_beng
041 _2eng
_aeng
082 _aO164:1E03:90Q72D765, H8-;1
100 _aIvanow W
_9625218
245 0 _aNasir-I Khusraw and Ismailism
260 _c1948
490 _aIsmaili society series; B5
650 _a ENGLISH LITERATURE
650 _aIRANIAN LITERATURE
942 _hO164:1E03:90Q72D765, H8-;1
_cTEXL
_2cc
999 _c1051108
_d1051108